[Event "Russian Blitz Team Championship (w)"]
[Site "Sochi"]
[Date "2022.10.17"]
[Round "4.10"]
[White "Karmanova, Olga Dm."]
[Black "Chernyak, Viktoria"]
[Result "0-1"]
[BlackElo "2152"]
[WhiteElo "2096"]
[LiveChessVersion "1.4.8"]

1. d4 {[%clk 0:03:02]} Nf6 {[%clk 0:03:03]} 2. c4 {[%clk 0:03:03]} e6
{[%clk 0:03:05]} 3. g3 {[%clk 0:03:05]} d5 {[%clk 0:03:05]} 4. Bg2
{[%clk 0:03:06]} dxc4 {[%clk 0:03:06]} 5. Nf3 {[%clk 0:03:07]} a6
{[%clk 0:02:53]} 6. O-O {[%clk 0:02:58]} b5 {[%clk 0:02:38]} 7. Ne5
{[%clk 0:02:29]} Nd5 {[%clk 0:02:38]} 8. e4 {[%clk 0:02:29]} Nb6 {[%clk 0:02:34]}
9. d5 {[%clk 0:02:14]} Be7 {[%clk 0:02:14]} 10. Be3 {[%clk 0:01:32]} O-O
{[%clk 0:02:14]} 11. Qc2 {[%clk 0:01:13]} Bf6 {[%clk 0:01:54]} 12. Nc6
{[%clk 0:01:08]} Nxc6 {[%clk 0:01:38]} 13. dxc6 {[%clk 0:01:09]} e5
{[%clk 0:01:34]} 14. Bc5 {[%clk 0:01:05]} Be7 {[%clk 0:01:28]} 15. Rd1
{[%clk 0:00:57]} Qe8 {[%clk 0:01:29]} 16. b4 {[%clk 0:00:33]} Bxc5
{[%clk 0:01:20]} 17. bxc5 {[%clk 0:00:34]} Na4 {[%clk 0:01:20]} 18. Rd5
{[%clk 0:00:32]} f6 {[%clk 0:01:12]} 19. Nc3 {[%clk 0:00:25]} Nxc3
{[%clk 0:01:12]} 20. Qxc3 {[%clk 0:00:26]} Be6 {[%clk 0:01:13]} 21. Rad1
{[%clk 0:00:21]} Qxc6 {[%clk 0:01:14]} 22. Qa3 {[%clk 0:00:17]} a5
{[%clk 0:01:03]} 23. Qe3 {[%clk 0:00:18]} b4 {[%clk 0:00:57]} 24. f4
{[%clk 0:00:19]} exf4 {[%clk 0:00:54]} 25. gxf4 {[%clk 0:00:20]} Bxd5
{[%clk 0:00:54]} 26. exd5 {[%clk 0:00:21]} Qe8 {[%clk 0:00:54]} 27. Qd4
{[%clk 0:00:21]} c3 {[%clk 0:00:53]} 28. d6 {[%clk 0:00:22]} Rd8 {[%clk 0:00:48]}
29. Bd5+ {[%clk 0:00:20]} Kh8 {[%clk 0:00:49]} 30. Bb3 {[%clk 0:00:20]} cxd6
{[%clk 0:00:49]} 31. cxd6 {[%clk 0:00:21]} Qg6+ {[%clk 0:00:50]} 32. Kh1
{[%clk 0:00:21]} Rfe8 {[%clk 0:00:42]} 33. Qf2 {[%clk 0:00:21]} Qe4+
{[%clk 0:00:41]} 34. Kg1 {[%clk 0:00:20]} Qe3 {[%clk 0:00:42]} 35. d7
{[%clk 0:00:19]} Qxf2+ {[%clk 0:00:38]} 36. Kxf2 {[%clk 0:00:20]} Re7
{[%clk 0:00:37]} 37. Ba4 {[%clk 0:00:18]} Kg8 {[%clk 0:00:33]} 38. Rd4
{[%clk 0:00:17]} Kf8 {[%clk 0:00:30]} 39. Rd5 {[%clk 0:00:14]} Re4
{[%clk 0:00:29]} 40. Rxa5 {[%clk 0:00:08]} Rxf4+ {[%clk 0:00:30]} 41. Ke3
{[%clk 0:00:08]} Rh4 {[%clk 0:00:26]} 42. Rb5 {[%clk 0:00:05]} Ke7
{[%clk 0:00:22]} 43. Rb7 {[%clk 0:00:05]} g5 {[%clk 0:00:17]} 44. Kd3
{[%clk 0:00:03]} Rf4 {[%clk 0:00:17]} 45. Kc2 {[%clk 0:00:03]} h5
{[%clk 0:00:14]} 46. Kb3 {[%clk 0:00:04]} h4 {[%clk 0:00:13]} 47. Rc7
{[%clk 0:00:03]} g4 {[%clk 0:00:12]} 48. Rc5 {[%clk 0:00:04]} g3 49. hxg3 hxg3
{[%clk 0:00:13]} 50. Rh5 {[%clk 0:00:05]} g2 {[%clk 0:00:11]} 51. Rh7+
{[%clk 0:00:06]} Kd6 {[%clk 0:00:13]} 52. Rg7 {[%clk 0:00:07]} Rf2
{[%clk 0:00:12]} 53. Kxb4 {[%clk 0:00:07]} c2 {[%clk 0:00:12]} 0-1

[Event "Russian Blitz Team Championship (w)"]
[Site "Sochi"]
[Date "2022.10.17"]
[Round "4.11"]
[White "Garmash, Aliona"]
[Black "Nazarova, Anastasia"]
[Result "1-0"]
[BlackElo "2089"]
[WhiteElo "1980"]
[LiveChessVersion "1.4.8"]

1. d4 {[%clk 0:03:03]} d5 {[%clk 0:03:03]} 2. c4 {[%clk 0:03:04]} e6
{[%clk 0:03:05]} 3. Nc3 {[%clk 0:03:05]} c6 {[%clk 0:03:06]} 4. Nf3
{[%clk 0:03:05]} dxc4 {[%clk 0:03:07]} 5. a4 {[%clk 0:03:04]} Bb4
{[%clk 0:03:06]} 6. e3 {[%clk 0:03:01]} b5 {[%clk 0:03:06]} 7. Bd2
{[%clk 0:02:58]} a5 {[%clk 0:02:57]} 8. axb5 {[%clk 0:02:58]} Bxc3
{[%clk 0:02:58]} 9. Bxc3 {[%clk 0:02:59]} cxb5 {[%clk 0:02:59]} 10. b3
{[%clk 0:03:00]} Bb7 {[%clk 0:03:01]} 11. bxc4 {[%clk 0:03:00]} b4
{[%clk 0:03:02]} 12. Bb2 {[%clk 0:03:01]} Nf6 {[%clk 0:02:59]} 13. Bd3
{[%clk 0:03:01]} O-O {[%clk 0:02:59]} 14. O-O {[%clk 0:03:02]} Nbd7
{[%clk 0:03:01]} 15. Nd2 {[%clk 0:03:01]} Qc7 {[%clk 0:03:02]} 16. Bc2
{[%clk 0:02:58]} e5 {[%clk 0:02:49]} 17. d5 {[%clk 0:02:45]} Nc5 {[%clk 0:02:39]}
18. f4 {[%clk 0:02:44]} Nfd7 {[%clk 0:02:22]} 19. fxe5 {[%clk 0:02:21]} Nxe5
{[%clk 0:02:21]} 20. Bxh7+ {[%clk 0:02:20]} Kxh7 {[%clk 0:02:13]} 21. Qh5+
{[%clk 0:02:20]} Kg8 {[%clk 0:02:13]} 22. Bxe5 {[%clk 0:02:21]} Qd7
{[%clk 0:01:53]} 23. Bxg7 {[%clk 0:02:11]} Kxg7 {[%clk 0:01:42]} 24. Qg5+
{[%clk 0:02:11]} Kh8 {[%clk 0:01:15]} 25. Rf4 {[%clk 0:01:56]} f6
{[%clk 0:01:15]} 26. Rh4+ {[%clk 0:01:55]} Qh7 {[%clk 0:01:16]} 27. Rxh7+
{[%clk 0:01:56]} Kxh7 {[%clk 0:01:18]} 28. Qh5+ {[%clk 0:01:50]} Kg7
{[%clk 0:01:18]} 29. Qg4+ {[%clk 0:01:47]} Kf7 {[%clk 0:01:14]} 30. Rf1
{[%clk 0:01:34]} Ke7 {[%clk 0:00:43]} 31. Ne4 {[%clk 0:01:25]} Nxe4
{[%clk 0:00:26]} 32. Qxe4+ {[%clk 0:01:26]} Kd6 {[%clk 0:00:24]} 33. Qe6+
{[%clk 0:01:19]} Kc5 {[%clk 0:00:25]} 34. Qe7+ {[%clk 0:01:18]} Kxc4
{[%clk 0:00:26]} 35. Qxb7 {[%clk 0:01:18]} Rfb8 {[%clk 0:00:19]} 36. Qc6+
{[%clk 0:01:18]} Kd3 {[%clk 0:00:20]} 37. Rd1+ {[%clk 0:01:17]} Ke2
{[%clk 0:00:18]} 38. Qc2+ {[%clk 0:01:17]} Kxe3 {[%clk 0:00:19]} 39. Qd2+
{[%clk 0:01:11]} Ke4 {[%clk 0:00:20]} 40. Qd4+ {[%clk 0:01:08]} Kf5
{[%clk 0:00:21]} 41. Rf1+ {[%clk 0:01:06]} Kg6 {[%clk 0:00:22]} 42. Qxf6+
{[%clk 0:01:07]} Kh7 {[%clk 0:00:23]} 43. Rf4 {[%clk 0:01:06]} 1-0

[Event "Russian Blitz Team Championship (w)"]
[Site "Sochi"]
[Date "2022.10.17"]
[Round "4.12"]
[White "Reger, Valeriia"]
[Black "Getman, Tatyana"]
[Result "0-1"]
[BlackElo "2019"]
[WhiteElo "1939"]
[LiveChessVersion "1.4.8"]

1. d4 {[%clk 0:03:04]} d5 {[%clk 0:03:03]} 2. Nf3 {[%clk 0:03:04]} Nf6
{[%clk 0:03:04]} 3. Bf4 {[%clk 0:03:05]} Bf5 {[%clk 0:03:04]} 4. c3
{[%clk 0:02:57]} e6 {[%clk 0:03:05]} 5. Qb3 {[%clk 0:02:52]} Nbd7
{[%clk 0:03:02]} 6. Nbd2 {[%clk 0:02:50]} Bd6 {[%clk 0:03:00]} 7. Bg3
{[%clk 0:02:51]} O-O {[%clk 0:03:00]} 8. e3 {[%clk 0:02:50]} h6 {[%clk 0:03:00]}
9. Be2 {[%clk 0:02:41]} b6 {[%clk 0:03:00]} 10. c4 {[%clk 0:02:42]} Qe7
{[%clk 0:02:58]} 11. Rc1 {[%clk 0:02:22]} c5 {[%clk 0:02:55]} 12. Bxd6
{[%clk 0:02:08]} Qxd6 {[%clk 0:02:56]} 13. O-O {[%clk 0:02:09]} Rac8
{[%clk 0:02:54]} 14. Qa3 {[%clk 0:01:59]} Bh7 {[%clk 0:02:38]} 15. Rfd1
{[%clk 0:01:52]} Qb8 {[%clk 0:02:38]} 16. cxd5 {[%clk 0:01:48]} Nxd5
{[%clk 0:02:36]} 17. Ba6 {[%clk 0:01:47]} Rcd8 {[%clk 0:02:35]} 18. Nc4
{[%clk 0:01:43]} Be4 {[%clk 0:02:05]} 19. Nce5 {[%clk 0:01:31]} Nxe5
{[%clk 0:01:54]} 20. Nxe5 {[%clk 0:01:32]} Nb4 {[%clk 0:01:55]} 21. Bb5
{[%clk 0:01:22]} a6 {[%clk 0:01:21]} 22. Bf1 {[%clk 0:01:17]} a5 {[%clk 0:01:20]}
23. Bb5 {[%clk 0:01:14]} Qb7 {[%clk 0:00:59]} 24. f3 {[%clk 0:01:12]} f6
{[%clk 0:00:37]} 25. Nc4 {[%clk 0:00:54]} Bxf3 26. gxf3 {[%clk 0:00:45]} Qxf3
{[%clk 0:00:22]} 27. Nd2 {[%clk 0:00:30]} Qg4+ {[%clk 0:00:20]} 28. Kf1
{[%clk 0:00:26]} cxd4 {[%clk 0:00:21]} 29. e4 {[%clk 0:00:24]} f5
{[%clk 0:00:17]} 30. e5 {[%clk 0:00:22]} Qf4+ {[%clk 0:00:17]} 31. Qf3
{[%clk 0:00:22]} Qxe5 {[%clk 0:00:17]} 32. Re1 {[%clk 0:00:22]} Qxh2
{[%clk 0:00:15]} 33. Re2 {[%clk 0:00:20]} Qd6 {[%clk 0:00:13]} 34. Bc4
{[%clk 0:00:21]} Rde8 {[%clk 0:00:14]} 35. Rce1 {[%clk 0:00:22]} Kh8
{[%clk 0:00:08]} 36. Rxe6 {[%clk 0:00:21]} Rxe6 {[%clk 0:00:08]} 37. Rxe6
{[%clk 0:00:22]} Qh2 {[%clk 0:00:09]} 38. Re2 {[%clk 0:00:22]} Qh4
{[%clk 0:00:05]} 39. a3 {[%clk 0:00:21]} Nc2 {[%clk 0:00:05]} 40. Bd3
{[%clk 0:00:11]} Ne3+ {[%clk 0:00:06]} 41. Rxe3 {[%clk 0:00:11]} dxe3
{[%clk 0:00:07]} 42. Qxe3 {[%clk 0:00:12]} Qh1+ {[%clk 0:00:08]} 43. Ke2
{[%clk 0:00:12]} Qg2+ {[%clk 0:00:08]} 44. Kd1 {[%clk 0:00:13]} Qh1+
{[%clk 0:00:06]} 45. Kc2 {[%clk 0:00:13]} Rc8+ {[%clk 0:00:06]} 46. Kb3
{[%clk 0:00:12]} Qd5+ {[%clk 0:00:07]} 47. Bc4 {[%clk 0:00:13]} Qc5
{[%clk 0:00:05]} 48. Qf4 {[%clk 0:00:11]} b5 {[%clk 0:00:05]} 49. Be6
{[%clk 0:00:09]} a4+ {[%clk 0:00:05]} 50. Ka2 {[%clk 0:00:10]} Rd8
{[%clk 0:00:04]} 51. Bxf5 {[%clk 0:00:08]} Qd5+ {[%clk 0:00:04]} 52. Kb1
{[%clk 0:00:07]} Qxd2 {[%clk 0:00:05]} 0-1

[Event "Russian Blitz Team Championship (w)"]
[Site "Sochi"]
[Date "2022.10.17"]
[Round "5.1"]
[White "Bodnaruk, Anastasia"]
[Black "Pogonina, Natalija"]
[Result "0-1"]
[BlackElo "2332"]
[WhiteElo "2332"]
[LiveChessVersion "1.4.8"]

1. e4 {[%clk 0:03:03]} e5 {[%clk 0:03:03]} 2. Nf3 {[%clk 0:03:04]} d6
{[%clk 0:03:03]} 3. d4 {[%clk 0:03:04]} exd4 {[%clk 0:03:03]} 4. Nxd4
{[%clk 0:03:06]} Nf6 {[%clk 0:03:03]} 5. Nc3 {[%clk 0:03:06]} Be7
{[%clk 0:03:03]} 6. Be2 {[%clk 0:02:55]} O-O {[%clk 0:03:02]} 7. O-O
{[%clk 0:02:53]} Re8 {[%clk 0:02:55]} 8. f4 {[%clk 0:02:52]} Bf8 {[%clk 0:02:49]}
9. Bf3 {[%clk 0:02:50]} c5 {[%clk 0:02:41]} 10. Nb3 {[%clk 0:02:40]} Nc6
{[%clk 0:02:41]} 11. Kh1 {[%clk 0:02:30]} Be6 {[%clk 0:02:35]} 12. Be3
{[%clk 0:02:11]} Bc4 {[%clk 0:02:21]} 13. Re1 {[%clk 0:02:08]} Rc8
{[%clk 0:02:15]} 14. Bf2 {[%clk 0:02:02]} Qc7 {[%clk 0:02:08]} 15. Qd2
{[%clk 0:01:33]} a6 {[%clk 0:02:03]} 16. Nd5 {[%clk 0:01:20]} Bxd5
{[%clk 0:01:37]} 17. exd5 {[%clk 0:01:21]} Nb8 {[%clk 0:01:38]} 18. c4
{[%clk 0:01:19]} Nbd7 {[%clk 0:01:37]} 19. a4 {[%clk 0:01:07]} g6
{[%clk 0:01:27]} 20. Rxe8 {[%clk 0:01:00]} Rxe8 {[%clk 0:01:28]} 21. Re1
{[%clk 0:01:00]} Rxe1+ {[%clk 0:01:23]} 22. Qxe1 {[%clk 0:01:00]} Qb6
{[%clk 0:01:21]} 23. Qc3 {[%clk 0:00:50]} Bg7 {[%clk 0:01:20]} 24. a5
{[%clk 0:00:49]} Qd8 {[%clk 0:01:15]} 25. Qe1 {[%clk 0:00:46]} b6
{[%clk 0:01:10]} 26. Qd2 {[%clk 0:00:27]} Ne8 {[%clk 0:01:05]} 27. Be1
{[%clk 0:00:19]} Qb8 {[%clk 0:01:00]} 28. Bd1 {[%clk 0:00:17]} b5
{[%clk 0:00:59]} 29. Be2 {[%clk 0:00:16]} b4 {[%clk 0:00:59]} 30. Bf3
{[%clk 0:00:12]} Qd8 {[%clk 0:00:58]} 31. Bf2 {[%clk 0:00:07]} Qf6
{[%clk 0:00:57]} 32. Qe2 {[%clk 0:00:07]} Kf8 {[%clk 0:00:55]} 33. g3
{[%clk 0:00:07]} Qxb2 {[%clk 0:00:53]} 34. Qxb2 {[%clk 0:00:08]} Bxb2
{[%clk 0:00:54]} 35. Kg2 {[%clk 0:00:09]} f5 {[%clk 0:00:51]} 36. Kf1
{[%clk 0:00:08]} Nef6 {[%clk 0:00:48]} 37. Ke2 {[%clk 0:00:10]} Bc3
{[%clk 0:00:46]} 38. Kd3 {[%clk 0:00:10]} Ke7 {[%clk 0:00:45]} 39. h4
{[%clk 0:00:09]} Bb2 {[%clk 0:00:39]} 40. Be1 {[%clk 0:00:08]} Ng4
{[%clk 0:00:37]} 41. Bxg4 {[%clk 0:00:05]} fxg4 {[%clk 0:00:37]} 42. Kc2
{[%clk 0:00:05]} Bg7 {[%clk 0:00:39]} 43. Kd3 {[%clk 0:00:06]} Kf7
{[%clk 0:00:36]} 44. Bf2 {[%clk 0:00:06]} Bf6 {[%clk 0:00:36]} 45. Nd2
{[%clk 0:00:06]} Bd8 {[%clk 0:00:36]} 46. Nb3 {[%clk 0:00:07]} Nf6
{[%clk 0:00:32]} 47. Be1 {[%clk 0:00:07]} Ng8 {[%clk 0:00:31]} 48. Bf2
{[%clk 0:00:07]} Ne7 {[%clk 0:00:31]} 49. Be1 {[%clk 0:00:07]} Nf5
{[%clk 0:00:32]} 50. Bf2 {[%clk 0:00:08]} Bf6 {[%clk 0:00:31]} 51. Be1
{[%clk 0:00:08]} Ke7 {[%clk 0:00:31]} 52. Ke4 {[%clk 0:00:05]} Bc3
{[%clk 0:00:30]} 53. Bf2 {[%clk 0:00:06]} Kd7 {[%clk 0:00:29]} 54. Kd3
{[%clk 0:00:06]} Ke7 {[%clk 0:00:28]} 55. Ke4 {[%clk 0:00:07]} Kf6
{[%clk 0:00:27]} 56. Nc1 {[%clk 0:00:05]} Bd4 {[%clk 0:00:25]} 57. Be1
{[%clk 0:00:05]} h6 {[%clk 0:00:24]} 58. Kd3 {[%clk 0:00:04]} g5 {[%clk 0:00:23]}
59. hxg5+ {[%clk 0:00:04]} hxg5 {[%clk 0:00:24]} 60. fxg5+ {[%clk 0:00:05]} Kxg5
{[%clk 0:00:24]} 61. Ne2 {[%clk 0:00:06]} Be5 {[%clk 0:00:24]} 62. Kc2
{[%clk 0:00:05]} Nd4+ {[%clk 0:00:22]} 63. Nxd4 {[%clk 0:00:05]} Bxd4
{[%clk 0:00:23]} 64. Kd3 {[%clk 0:00:06]} Kf5 {[%clk 0:00:23]} 65. Kc2
{[%clk 0:00:04]} Ke4 {[%clk 0:00:24]} 66. Kb3 {[%clk 0:00:03]} Ke5 0-1

[Event "Russian Blitz Team Championship (w)"]
[Site "Sochi"]
[Date "2022.10.17"]
[Round "5.2"]
[White "Garifullina, Leya"]
[Black "Chernyak, Viktoria"]
[Result "1-0"]
[BlackElo "2152"]
[WhiteElo "2267"]
[LiveChessVersion "1.4.8"]

1. e4 {[%clk 0:03:02]} c5 {[%clk 0:03:04]} 2. Nf3 {[%clk 0:03:03]} a6
{[%clk 0:03:05]} 3. c4 {[%clk 0:03:03]} e6 {[%clk 0:03:06]} 4. Nc3
{[%clk 0:03:03]} Qc7 {[%clk 0:03:07]} 5. d4 {[%clk 0:02:59]} cxd4
{[%clk 0:03:07]} 6. Nxd4 {[%clk 0:03:00]} Nf6 {[%clk 0:03:08]} 7. Bd3
{[%clk 0:02:59]} b6 {[%clk 0:03:00]} 8. O-O {[%clk 0:02:58]} Bb7 {[%clk 0:03:01]}
9. Re1 {[%clk 0:02:57]} Nc6 {[%clk 0:02:53]} 10. Nxc6 {[%clk 0:02:32]} Qxc6
{[%clk 0:02:37]} 11. Bf1 {[%clk 0:02:29]} d6 {[%clk 0:02:19]} 12. Be3
{[%clk 0:01:52]} Nxe4 {[%clk 0:02:05]} 13. Nxe4 {[%clk 0:01:41]} Qxe4
{[%clk 0:02:05]} 14. Bxb6 {[%clk 0:01:41]} Qc6 {[%clk 0:02:04]} 15. Be3
{[%clk 0:01:38]} Be7 {[%clk 0:02:03]} 16. b4 {[%clk 0:01:39]} O-O
{[%clk 0:01:36]} 17. Rc1 {[%clk 0:01:24]} d5 {[%clk 0:00:59]} 18. b5
{[%clk 0:01:21]} Qd7 {[%clk 0:00:48]} 19. cxd5 {[%clk 0:01:20]} axb5
{[%clk 0:00:42]} 20. dxe6 {[%clk 0:01:19]} Qxe6 {[%clk 0:00:43]} 21. Bc5
{[%clk 0:01:17]} Be4 {[%clk 0:00:27]} 22. Bxe7 {[%clk 0:01:04]} Qxe7
{[%clk 0:00:28]} 23. Qd4 {[%clk 0:01:01]} Ra4 {[%clk 0:00:13]} 24. Qc3
{[%clk 0:00:23]} Qb7 {[%clk 0:00:13]} 25. Re2 {[%clk 0:00:14]} Bd5
{[%clk 0:00:11]} 26. Rb2 {[%clk 0:00:12]} Rxa2 {[%clk 0:00:10]} 27. Rxb5
{[%clk 0:00:11]} Qa8 {[%clk 0:00:11]} 28. Qd4 {[%clk 0:00:10]} Be6
{[%clk 0:00:12]} 29. Rcb1 {[%clk 0:00:11]} h6 {[%clk 0:00:10]} 30. Qd6
{[%clk 0:00:12]} Rd8 {[%clk 0:00:10]} 31. Rb8 {[%clk 0:00:12]} Kh7
{[%clk 0:00:04]} 32. Qxd8 {[%clk 0:00:11]} 1-0

[Event "Russian Blitz Team Championship (w)"]
[Site "Sochi"]
[Date "2022.10.17"]
[Round "5.3"]
[White "Getman, Tatyana"]
[Black "Guseva, Marina"]
[Result "1-0"]
[BlackElo "2273"]
[WhiteElo "2019"]
[LiveChessVersion "1.4.8"]

1. d4 {[%clk 0:03:02]} Nf6 {[%clk 0:03:03]} 2. c4 {[%clk 0:03:03]} e6
{[%clk 0:03:04]} 3. Nc3 {[%clk 0:03:04]} Bb4 {[%clk 0:03:05]} 4. e3
{[%clk 0:03:05]} O-O {[%clk 0:03:04]} 5. Nf3 {[%clk 0:03:06]} Bxc3+
{[%clk 0:02:47]} 6. bxc3 {[%clk 0:03:06]} d6 {[%clk 0:02:48]} 7. Qc2
{[%clk 0:03:00]} Re8 {[%clk 0:02:48]} 8. Bd3 {[%clk 0:02:30]} e5 {[%clk 0:02:48]}
9. Nd2 {[%clk 0:02:26]} Qe7 {[%clk 0:02:11]} 10. O-O {[%clk 0:02:07]} e4
{[%clk 0:02:11]} 11. Be2 {[%clk 0:02:08]} Bg4 {[%clk 0:01:45]} 12. Bxg4
{[%clk 0:01:59]} Nxg4 {[%clk 0:01:46]} 13. h3 {[%clk 0:02:00]} Nh6
{[%clk 0:01:36]} 14. f3 {[%clk 0:01:40]} exf3 {[%clk 0:01:27]} 15. Rxf3
{[%clk 0:01:40]} Nd7 {[%clk 0:01:23]} 16. Nf1 {[%clk 0:01:26]} Nf6
{[%clk 0:01:12]} 17. Ng3 {[%clk 0:01:27]} Ne4 {[%clk 0:01:12]} 18. Nxe4
{[%clk 0:01:27]} Qxe4 {[%clk 0:01:13]} 19. Qxe4 {[%clk 0:01:27]} Rxe4
{[%clk 0:01:14]} 20. Kf2 {[%clk 0:01:20]} f6 {[%clk 0:01:00]} 21. a4
{[%clk 0:01:19]} c6 {[%clk 0:00:51]} 22. a5 {[%clk 0:01:12]} a6 {[%clk 0:00:51]}
23. Rb1 {[%clk 0:01:12]} Re7 {[%clk 0:00:50]} 24. Ba3 {[%clk 0:01:12]} Nf7
{[%clk 0:00:51]} 25. h4 {[%clk 0:01:05]} Rd7 {[%clk 0:00:51]} 26. Ke2
{[%clk 0:00:58]} Re8 {[%clk 0:00:51]} 27. Kd3 {[%clk 0:00:59]} Nd8
{[%clk 0:00:21]} 28. Rb6 {[%clk 0:00:46]} d5 {[%clk 0:00:18]} 29. cxd5
{[%clk 0:00:36]} cxd5 {[%clk 0:00:18]} 30. Rf1 {[%clk 0:00:27]} Nc6
{[%clk 0:00:16]} 31. Bb4 {[%clk 0:00:21]} Rc8 {[%clk 0:00:12]} 32. Ra1
{[%clk 0:00:16]} h5 {[%clk 0:00:10]} 33. Bc5 {[%clk 0:00:14]} Kh7
{[%clk 0:00:09]} 34. Ra2 {[%clk 0:00:14]} Kg6 {[%clk 0:00:09]} 35. Rb1
{[%clk 0:00:13]} Re8 {[%clk 0:00:07]} 36. Rf1 {[%clk 0:00:10]} Re4
{[%clk 0:00:08]} 37. g3 {[%clk 0:00:09]} Rg4 {[%clk 0:00:09]} 38. Rf3
{[%clk 0:00:10]} Re4 {[%clk 0:00:09]} 39. c4 {[%clk 0:00:06]} Re8
{[%clk 0:00:06]} 40. cxd5 {[%clk 0:00:06]} Rxd5 {[%clk 0:00:07]} 41. Kc4
{[%clk 0:00:05]} Rd7 {[%clk 0:00:08]} 42. Bb6 Re4 {[%clk 0:00:08]} 43. Rf1
{[%clk 0:00:05]} Ne5+ {[%clk 0:00:09]} 44. Kc3 {[%clk 0:00:06]} Ng4
{[%clk 0:00:09]} 45. Rf3 {[%clk 0:00:05]} Nxe3 {[%clk 0:00:10]} 46. Kd3
{[%clk 0:00:05]} Re6 {[%clk 0:00:08]} 47. Rxe3 {[%clk 0:00:06]} Rc6
{[%clk 0:00:09]} 48. Rc2 {[%clk 0:00:06]} Rcd6 {[%clk 0:00:08]} 49. Rc8
{[%clk 0:00:07]} Rd5 {[%clk 0:00:09]} 50. Ree8 {[%clk 0:00:06]} Rb5
{[%clk 0:00:10]} 51. Rcd8 {[%clk 0:00:05]} Rf7 {[%clk 0:00:09]} 52. Kc4
{[%clk 0:00:05]} Rb1 {[%clk 0:00:09]} 53. d5 {[%clk 0:00:05]} Rc1+
{[%clk 0:00:09]} 54. Kd3 {[%clk 0:00:06]} Rf1 {[%clk 0:00:09]} 55. d6
{[%clk 0:00:05]} Rf3+ {[%clk 0:00:10]} 56. Re3 {[%clk 0:00:06]} Rf5
{[%clk 0:00:10]} 57. Re4 {[%clk 0:00:04]} Rf3+ {[%clk 0:00:11]} 58. Re3
{[%clk 0:00:05]} Rf5 {[%clk 0:00:12]} 59. Ke2 {[%clk 0:00:05]} Rd5
{[%clk 0:00:10]} 60. Rd3 {[%clk 0:00:06]} Rxd3 {[%clk 0:00:10]} 61. Kxd3
{[%clk 0:00:08]} Kf5 {[%clk 0:00:12]} 62. Re8 {[%clk 0:00:08]} Rd7
{[%clk 0:00:12]} 63. Bc7 {[%clk 0:00:09]} g5 {[%clk 0:00:09]} 64. Re7
{[%clk 0:00:10]} 1-0

[Event "Russian Blitz Team Championship (w)"]
[Site "Sochi"]
[Date "2022.10.17"]
[Round "5.4"]
[White "Kovanova, Baira"]
[Black "Yurasova, Daria"]
[Result "1/2-1/2"]
[BlackElo "2044"]
[WhiteElo "2217"]
[LiveChessVersion "1.4.8"]

1. e4 {[%clk 0:03:02]} e5 {[%clk 0:03:04]} 2. Nf3 {[%clk 0:03:01]} Nc6
{[%clk 0:03:05]} 3. Bb5 {[%clk 0:03:01]} a6 {[%clk 0:03:06]} 4. Ba4
{[%clk 0:03:02]} Nf6 {[%clk 0:03:07]} 5. O-O {[%clk 0:03:02]} b5 {[%clk 0:03:08]}
6. Bb3 {[%clk 0:03:03]} Bc5 {[%clk 0:03:09]} 7. d3 {[%clk 0:02:58]} d6
{[%clk 0:03:10]} 8. Be3 {[%clk 0:02:57]} O-O {[%clk 0:03:05]} 9. c3
{[%clk 0:02:55]} h6 {[%clk 0:02:49]} 10. Nbd2 {[%clk 0:02:56]} Bg4
{[%clk 0:02:42]} 11. h3 {[%clk 0:02:55]} Bh5 {[%clk 0:02:42]} 12. Re1
{[%clk 0:02:41]} a5 {[%clk 0:02:37]} 13. Nf1 {[%clk 0:02:39]} Bg6
{[%clk 0:02:36]} 14. Ng3 {[%clk 0:02:35]} Bh7 {[%clk 0:02:33]} 15. a4
{[%clk 0:02:32]} Rb8 {[%clk 0:02:34]} 16. axb5 {[%clk 0:02:35]} Bxe3
{[%clk 0:01:54]} 17. Rxe3 {[%clk 0:02:34]} Rxb5 {[%clk 0:01:55]} 18. Ba4
{[%clk 0:02:31]} Rb6 {[%clk 0:01:56]} 19. Bxc6 {[%clk 0:02:29]} Rxc6
{[%clk 0:01:57]} 20. Rxa5 {[%clk 0:02:30]} Qb8 {[%clk 0:01:59]} 21. Re2
{[%clk 0:02:25]} Qb6 {[%clk 0:01:58]} 22. Ra1 {[%clk 0:02:17]} Rb8
{[%clk 0:01:58]} 23. Qd2 {[%clk 0:02:00]} Rc5 {[%clk 0:01:54]} 24. b4
{[%clk 0:02:00]} Rb5 {[%clk 0:01:52]} 25. d4 {[%clk 0:01:56]} exd4
{[%clk 0:01:49]} 26. Nxd4 {[%clk 0:01:54]} Re5 {[%clk 0:01:50]} 27. Rae1
{[%clk 0:01:16]} Rbe8 {[%clk 0:01:51]} 28. Ndf5 {[%clk 0:01:13]} Nxe4
{[%clk 0:01:23]} 29. Nxe4 {[%clk 0:00:32]} Bxf5 {[%clk 0:01:23]} 30. Ng3
{[%clk 0:00:33]} Rxe2 {[%clk 0:01:19]} 31. Rxe2 {[%clk 0:00:34]} Rxe2
{[%clk 0:01:19]} 32. Qxe2 {[%clk 0:00:35]} Bg6 {[%clk 0:01:14]} 33. h4
{[%clk 0:00:29]} Qc6 {[%clk 0:00:43]} 34. h5 {[%clk 0:00:29]} Bb1
{[%clk 0:00:44]} 35. Qe3 {[%clk 0:00:22]} Qd7 {[%clk 0:00:36]} 36. c4
{[%clk 0:00:19]} Bf5 {[%clk 0:00:20]} 37. b5 {[%clk 0:00:16]} Be6
{[%clk 0:00:21]} 38. Qd4 {[%clk 0:00:13]} Qe7 {[%clk 0:00:15]} 39. Qf4
{[%clk 0:00:11]} 1/2-1/2